00662cam a22002291 4500001001300000003000400013005001700017008004100034010001700075035002000092040001700112042001200129050003000141110004000171245007300211260002100284300001800305490003900323500001700362650003600379999001700415e 39000127 DLC20260227111228.0880623s1939 kyu 000 0 eng  ae 39000127  a(OCoLC)18126633 aDLCcAUdDLC apremarc00aL152b.B35 vol. 6, no. 121 aKentucky.bDepartment of Education.10aOrganization and administration of vocational education in Kentucky. aKentucky,c1939. a73 p.c23 cm.0 aEducational bulletin,vv.6, no. 12 aCover title. 0aVocational educationzKentucky. c21651d21651